000 00448nam a22001697a 4500
005 20160624120029.0
008 160624b xxu||||| |||| 00| 0 eng d
020 _a978-81-7758-813-2
041 _aeng
082 _b9514
100 _aSinha P.R. N and others
_92648
245 _aIndustrial Relations, Trade Vinus and labour regislation
260 _aDelhi
_bPearson Education
_c2009
300 _a614
650 _aManagement
_9241
942 _cBK
999 _c3811
_d3810